Представление документа в формате RUSMARC

ПолеНазваниеЗначение
  Тип записи a
  Библиографический уровень a
001 Контрольный номер RU/УОНБ/EK_KRAY/320873825
005 Дата корректировки 20220304195919.4
100 Данные общей обработки __
a Данные общей обработки 19980128d1998 u u0rusy0103 ba
101 Язык документа 0_
a Язык текста rus
200 Заглавие и сведения об ответственности 1_
a Заглавие О присвоении звания "Почетный гражданин Цильнинского района"
e Сведения, относящиеся к заглавию решение Совета депутатов Цильн. р-на от 24 окт. 1997 г.
210 Выходные данные 1_
d Дата издания 1998
330 Аннотация __
a Аннотация Присвоение звания "Почет. гражданин Цильн. р-на" А.Ф. Ермилову /Юману/.
461 Уровень набора _0
1 2001
a Ульяновская правда
0 Уровень набора Ульяновская правда
463 Уровень физической единицы _0
1 2000
a 28 янв.
1 210
d 1998
686 Индексы других классификаций __
a Классификационный индекс 83.3-8
2 Код системы rubbk
801 Источник записи _0
a Страна RU
b Организация Ульяновская ОНБ
c Дата составления 19980128
g Правила каталогизации PSBO
801 Источник записи _1
a Страна RU
b Организация Ульяновская ОНБ
c Дата составления 19980128
901 Тип документа __
t Тип документа b
938 Служебная информация __
a Имя БД kraeved_work
b Имя библиотеки УОНБ
c Имя АИБС МАРК-SQL
d Номер DOC_ID в БД 17822